Educación física, movimiento y currículum /
Guardado en:
| Autor Principal: | |
|---|---|
| Formato: | Libro |
| Publicado: |
Madrid :
Morata,
1997
|
| Series: | Educación infantil y primaria
|
| Materias: | |
| Etiquetas: |
Agregar Etiqueta
Sin Etiquetas, Sea el primero en etiquetar este registro!
|
| LEADER | 01358nam a22002535a 4500 | ||
|---|---|---|---|
| 001 | CEM.cems009619 | ||
| 005 | 20080822135113.0 | ||
| 008 | 130507s1997##################000#0#####d | ||
| 003 | CEMS | ||
| 020 | |a 8471123487 | ||
| 082 | 0 | 4 | |a 371.73 |
| 100 | 1 | |a Arnold, Peter J. | |
| 245 | 1 | 0 | |a Educación física, movimiento y currículum / |c Peter J. Arnold |
| 260 | |a Madrid : |b Morata, |c 1997 | ||
| 300 | |a 188 p. | ||
| 490 | 0 | |a Educación infantil y primaria | |
| 500 | |a Red Federal de Formación Docente Continua | ||
| 505 | 0 | |a Educación: valores, propósitos y objetivos -- Educación, conocimiento práctico y movimiento -- Deporte, educación moral y desarrollo del carácter -- Las consecuencias sociales y morales de la deportividad -- Deporte competitivo, victoria y educación -- Educación estética y la naturaleza de las actividades físicas -- Creatividad, autoexpresión y danza -- Educación, escolarización y el concepto de movimiento -- Planificación racional por objetivos del curriculum del movimiento -- Educación del curriculum y el rol del profesor | |
| 653 | |a Educación | ||
| 653 | |a Educación física | ||
| 653 | |a Educación física-didáctica | ||
| 653 | |a Didáctica de la educación física | ||
| 859 | |a CEMS |b BIB. CEMS - 11 de abril |h 371.73 |i Ar64 |p 19815.98 |t Ej.1 | ||
| 859 | |a CEMS |b BIB. CEMS - 11 de abril |h 371.73 |i Ar64 |p 19816.98 |t Ej.2 | ||
